Bigger Neighbor Connect - With Map - Statistics

General Stats
  • This quiz has been taken 240 times
    102 since last reset
  • The average score is 81 of 154
Answers on the Map
Answers color-coded by a green-red scale on the quiz's map according to % correct below.
 
Answer Stats
Answer % Correct
Italy
100%
France
92%
Brazil
80%
Argentina
76%
Bolivia
76%
Colombia
75%
Guyana
75%
Peru
75%
Venezuela
75%
Suriname
73%
Panama
69%
Belize
67%
Canada
67%
Chile
67%
Costa Rica
67%
Ecuador
67%
El Salvador
67%
Guatemala
67%
Mexico
67%
Nicaragua
67%
Paraguay
67%
Uruguay
67%
USA
67%
Spain
65%
Honduras
63%
Algeria
61%
Morocco
61%
Chad
59%
Libya
59%
Mali
59%
Niger
59%
Sudan
59%
Benin
55%
Burkina Faso
55%
Ghana
55%
Guinea
55%
Ivory Coast
55%
Mauritania
55%
Nigeria
55%
Senegal
55%
Togo
55%
Angola
53%
Cameroon
53%
Central African Republic
53%
DRC
53%
Namibia
53%
South Africa
53%
Afghanistan
51%
Albania
51%
Austria
51%
Bosnia
51%
Botswana
51%
Bulgaria
51%
Burundi
51%
China
51%
Croatia
51%
Czech Republic
51%
Djibouti
51%
Egypt
51%
Equatorial Guinea
51%
Eritrea
51%
Eswatini
51%
Ethiopia
51%
Gabon
51%
Gambia
51%
Germany
51%
Greece
51%
Guinea Bissau
51%
Hungary
51%
Iran
51%
Israel
51%
Kazakhstan
51%
Kenya
51%
Kosovo
51%
Kyrgyzstan
51%
Lesotho
51%
Liberia
51%
Malawi
51%
Moldova
51%
Mongolia
51%
Montenegro
51%
Mozambique
51%
North Macedonia
51%
Pakistan
51%
Poland
51%
Republic of the Congo
51%
Romania
51%
Russia
51%
Rwanda
51%
Serbia
51%
Sierra Leone
51%
Slovakia
51%
Slovenia
51%
Somalia
51%
South Sudan
51%
Switzerland
51%
Syria
51%
Tajikistan
51%
Tanzania
51%
Turkey
51%
Turkmenistan
51%
Uganda
51%
Ukraine
51%
Uzbekistan
51%
Zambia
51%
Zimbabwe
51%
Belgium
49%
Denmark
49%
Liechtenstein
49%
Luxembourg
49%
Netherlands
49%
Armenia
47%
Estonia
47%
Finland
47%
Georgia
47%
Latvia
47%
Lithuania
47%
North Korea
47%
Norway
47%
South Korea
47%
Sweden
47%
Azerbaijan
45%
Belarus
45%
Brunei
45%
East Timor
45%
Indonesia
45%
Malaysia
45%
Myanmar
45%
Papua New Guinea
45%
Thailand
45%
Bangladesh
43%
Bhutan
43%
India
43%
Iraq
43%
Jordan
43%
Kuwait
43%
Laos
43%
Nepal
43%
Oman
43%
Palestine
43%
Saudi Arabia
43%
UAE
43%
Yemen
43%
Cambodia
41%
Qatar
41%
Vietnam
41%
Lebanon
33%
Portugal
31%
San Marino
31%
Tunisia
31%
Andorra
29%
Monaco
27%
UK
27%
Ireland
25%
No matching quizzes found
Score Distribution
Percent of People with Each Score
Percentile by Number Answered
Your Score History
You have not taken this quiz since the last reset